[Event "MSR_ch16"]
[Site "?"]
[Date "2024.04.07"]
[Round "3.11"]
[White "Mantic, Andrej"]
[Black "Vida, Gergo"]
[Result "1-0"]
[BlackElo "1674"]
[WhiteElo "1855"]
[LiveChessVersion "1.4.8"]

1. e4 {[%clk 1:30:56]} c5 {[%clk 1:30:48]} 2. Nf3 {[%clk 1:31:15]} a6
{[%clk 1:31:10]} 3. d4 {[%clk 1:30:52]} cxd4 {[%clk 1:31:32]} 4. Nxd4
{[%clk 1:31:17]} Nf6 {[%clk 1:31:49]} 5. Nc3 {[%clk 1:31:02]} d6 {[%clk 1:31:58]}
6. Bg5 {[%clk 1:29:26]} e6 {[%clk 1:31:33]} 7. Bc4 {[%clk 1:28:07]} Be7
{[%clk 1:29:56]} 8. Bb3 {[%clk 1:22:42]} h6 {[%clk 1:28:56]} 9. Bh4
{[%clk 1:22:03]} b5 {[%clk 1:27:25]} 10. Qf3 {[%clk 1:19:58]} Bb7
{[%clk 1:27:16]} 11. Rd1 {[%clk 1:13:19]} Qc7 {[%clk 1:26:28]} 12. Bxe6
{[%clk 1:10:15]} O-O {[%clk 1:16:45]} 13. Bxf6 {[%clk 1:04:05]} Bxf6
{[%clk 1:15:27]} 14. Bb3 {[%clk 1:02:01]} Nd7 {[%clk 1:08:42]} 15. O-O
{[%clk 1:00:59]} Nb6 {[%clk 1:04:23]} 16. Nf5 {[%clk 0:57:31]} Be5
{[%clk 0:58:52]} 17. Qg4 {[%clk 0:54:38]} Kh7 {[%clk 0:55:08]} 18. f4
{[%clk 0:52:56]} Bxc3 {[%clk 0:44:09]} 19. bxc3 {[%clk 0:52:14]} Qxc3
{[%clk 0:40:03]} 20. Rd3 {[%clk 0:44:55]} Qc5+ {[%clk 0:37:10]} 21. Kh1
{[%clk 0:45:05]} g6 {[%clk 0:37:21]} 22. Rg3 {[%clk 0:40:44]} Nc4
{[%clk 0:29:38]} 23. Qh4 {[%clk 0:35:39]} 1-0

[Event "MSR_ch16"]
[Site "?"]
[Date "2024.04.07"]
[Round "3.12"]
[White "Kyselica, Daniel"]
[Black "Earle, Dominic James"]
[Result "0-1"]
[BlackElo "1849"]
[WhiteElo "1652"]
[LiveChessVersion "1.4.8"]

1. d4 {[%clk 1:28:25]} f5 {[%clk 1:30:55]} 2. g3 {[%clk 1:27:04]} Nf6
{[%clk 1:31:18]} 3. Bg2 {[%clk 1:27:18]} d5 {[%clk 1:31:42]} 4. Nf3
{[%clk 1:27:14]} e6 {[%clk 1:32:07]} 5. c4 {[%clk 1:26:56]} c6 {[%clk 1:32:32]}
6. O-O {[%clk 1:26:41]} Bd6 {[%clk 1:32:57]} 7. c5 {[%clk 1:25:45]} Bc7
{[%clk 1:32:40]} 8. Nc3 {[%clk 1:24:24]} Nbd7 {[%clk 1:32:33]} 9. Bf4
{[%clk 1:17:02]} Bxf4 {[%clk 1:22:12]} 10. gxf4 {[%clk 1:17:30]} O-O
{[%clk 1:22:18]} 11. Ne5 {[%clk 1:15:49]} Nxe5 {[%clk 1:20:03]} 12. fxe5
{[%clk 1:16:04]} Nd7 {[%clk 1:20:26]} 13. f4 {[%clk 1:09:30]} b6 {[%clk 1:20:05]}
14. b4 {[%clk 1:09:53]} a5 {[%clk 1:19:36]} 15. a3 {[%clk 1:09:51]} Ba6
{[%clk 1:19:59]} 16. Rf3 {[%clk 1:06:31]} Bc4 {[%clk 1:15:47]} 17. Bf1
{[%clk 1:03:11]} h6 {[%clk 1:04:37]} 18. e3 {[%clk 1:00:14]} Bxf1
{[%clk 1:02:22]} 19. Qxf1 {[%clk 1:00:05]} axb4 {[%clk 1:02:35]} 20. axb4
{[%clk 1:00:33]} Rxa1 {[%clk 1:02:50]} 21. Qxa1 {[%clk 1:01:00]} Qa8
{[%clk 1:03:13]} 22. Rf1 {[%clk 0:48:00]} g5 {[%clk 1:03:26]} 23. Ne2
{[%clk 0:43:22]} Qb7 {[%clk 1:02:59]} 24. Qc3 {[%clk 0:42:05]} Ra8
{[%clk 1:02:26]} 25. Ra1 {[%clk 0:40:44]} b5 {[%clk 0:37:37]} 26. Qb2
{[%clk 0:34:00]} Ra6 {[%clk 0:37:06]} 27. Nc1 {[%clk 0:27:56]} Qa7
{[%clk 0:36:38]} 28. Nb3 {[%clk 0:28:15]} Rxa1+ {[%clk 0:33:30]} 29. Nxa1
{[%clk 0:26:43]} Qa4 {[%clk 0:33:50]} 30. Nc2 {[%clk 0:27:01]} Nf8
{[%clk 0:33:30]} 31. Kf2 {[%clk 0:24:58]} Ng6 {[%clk 0:32:32]} 32. Kg3
{[%clk 0:18:22]} Qa8 {[%clk 0:28:16]} 33. Ne1 {[%clk 0:16:39]} Kf7
{[%clk 0:23:01]} 34. Ng2 {[%clk 0:10:20]} Qa4 {[%clk 0:23:18]} 35. Qd2
{[%clk 0:09:39]} Qb3 {[%clk 0:20:44]} 36. h3 {[%clk 0:09:29]} Kg7
{[%clk 0:18:48]} 37. Kf3 {[%clk 0:08:51]} Qb1 {[%clk 0:11:01]} 38. Kg3
{[%clk 0:07:47]} Qg1 {[%clk 0:05:46]} 39. Qc3 {[%clk 0:03:03]} gxf4+
{[%clk 0:03:46]} 40. exf4 {[%clk 0:03:31]} Nxf4 {[%clk 0:04:11]} 41. Kxf4
{[%clk 0:03:53]} Qxg2 0-1

[Event "MSR_ch16"]
[Site "?"]
[Date "2024.04.07"]
[Round "3.13"]
[White "Szakal, Bartolomej"]
[Black "Karaba, Rudolf"]
[Result "1-0"]
[BlackElo "1640"]
[WhiteElo "1839"]
[LiveChessVersion "1.4.8"]

1. c4 {[%clk 1:30:57]} c5 {[%clk 1:30:19]} 2. Nc3 {[%clk 1:31:20]} Nc6
{[%clk 1:30:38]} 3. g3 {[%clk 1:31:43]} Nf6 {[%clk 1:30:17]} 4. Bg2
{[%clk 1:32:02]} g6 {[%clk 1:30:17]} 5. Nf3 {[%clk 1:32:16]} Bg7 {[%clk 1:30:38]}
6. d4 {[%clk 1:31:18]} cxd4 {[%clk 1:28:04]} 7. Nxd4 {[%clk 1:31:39]} O-O
{[%clk 1:27:35]} 8. O-O {[%clk 1:31:39]} e5 {[%clk 1:27:35]} 9. Ndb5
{[%clk 1:29:13]} Ne8 {[%clk 1:18:32]} 10. Be3 {[%clk 1:26:09]} a6
{[%clk 1:15:42]} 11. Nd6 {[%clk 1:24:52]} Nxd6 {[%clk 1:14:15]} 12. Qxd6
{[%clk 1:25:13]} Re8 {[%clk 1:07:19]} 13. Nd5 {[%clk 1:22:23]} Re6
{[%clk 1:03:51]} 14. Qc7 {[%clk 1:22:14]} Re8 {[%clk 1:02:23]} 15. Qxd8
{[%clk 1:04:46]} Rxd8 {[%clk 1:02:45]} 16. Bb6 {[%clk 1:05:06]} Rf8
{[%clk 1:02:52]} 17. Bc5 {[%clk 1:05:23]} Rd8 {[%clk 1:02:58]} 18. Nc7
{[%clk 1:05:40]} Rb8 {[%clk 1:03:03]} 19. Bxc6 {[%clk 1:05:44]} bxc6
{[%clk 1:02:21]} 20. Be7 {[%clk 1:06:02]} Bb7 {[%clk 1:02:02]} 21. Bxd8
{[%clk 1:05:54]} Rxd8 {[%clk 1:02:26]} 22. Rfd1 {[%clk 1:05:40]} d5
{[%clk 1:02:39]} 23. cxd5 {[%clk 1:05:48]} cxd5 {[%clk 1:03:05]} 24. Rac1
{[%clk 1:05:38]} e4 {[%clk 1:03:15]} 25. b4 {[%clk 1:05:26]} Bf8 {[%clk 1:03:02]}
26. b5 {[%clk 1:05:40]} axb5 {[%clk 1:02:07]} 27. Nxb5 {[%clk 1:05:53]} f5
{[%clk 1:02:00]} 28. a4 {[%clk 1:04:24]} Bg7 {[%clk 1:01:55]} 29. Rc7
{[%clk 1:00:14]} Ba8 {[%clk 1:00:37]} 30. e3 {[%clk 0:59:08]} Be5
{[%clk 1:00:15]} 31. Ra7 Bc6 {[%clk 1:00:37]} 32. Nd4 {[%clk 0:56:38]} Ba8
{[%clk 0:58:59]} 33. Rc1 {[%clk 0:55:40]} Re8 {[%clk 0:57:28]} 34. Rc5
{[%clk 0:54:33]} g5 {[%clk 0:57:20]} 35. Rca5 {[%clk 0:54:32]} Bb7
{[%clk 0:57:00]} 36. Rxb7 {[%clk 0:54:50]} Bxd4 {[%clk 0:57:21]} 37. exd4
{[%clk 0:55:18]} f4 {[%clk 0:57:57]} 38. Rxd5 {[%clk 0:55:23]} e3 39. Rxg5+ Kh8
{[%clk 0:58:22]} 40. fxe3 {[%clk 0:55:37]} fxe3 {[%clk 0:58:45]} 41. Kf1
{[%clk 0:55:46]} 1-0

[Event "MSR_ch16"]
[Site "?"]
[Date "2024.04.07"]
[Round "3.15"]
[White "Visvader, Kristof"]
[Black "Bersihand, Hugo Maria"]
[Result "0-1"]
[BlackElo "1513"]
[WhiteElo "1740"]
[LiveChessVersion "1.4.8"]

1. e4 {[%clk 1:30:49]} e5 {[%clk 1:30:56]} 2. Nc3 {[%clk 1:31:10]} Bc5
{[%clk 1:30:39]} 3. Nf3 {[%clk 1:30:11]} d6 {[%clk 1:30:36]} 4. Bc4
{[%clk 1:30:22]} Nf6 {[%clk 1:29:38]} 5. O-O {[%clk 1:29:38]} O-O
{[%clk 1:29:57]} 6. d3 {[%clk 1:28:48]} Nc6 {[%clk 1:29:25]} 7. Be3
{[%clk 1:28:16]} Bb6 {[%clk 1:28:39]} 8. d4 {[%clk 1:23:15]} exd4
{[%clk 1:26:42]} 9. Nxd4 {[%clk 1:19:49]} Nxd4 {[%clk 1:24:50]} 10. Bxd4
{[%clk 1:20:08]} Bxd4 {[%clk 1:23:27]} 11. Qxd4 {[%clk 1:20:24]} b6
{[%clk 1:21:35]} 12. Rad1 {[%clk 1:14:32]} Bb7 {[%clk 1:19:22]} 13. e5
{[%clk 1:12:46]} dxe5 {[%clk 1:17:43]} 14. Qxe5 {[%clk 1:12:49]} Qc8
{[%clk 1:17:32]} 15. Nb5 {[%clk 1:04:18]} Qg4 {[%clk 1:15:04]} 16. Qg3
{[%clk 0:48:38]} Qxc4 {[%clk 1:14:39]} 17. Na3 {[%clk 0:48:34]} Qxa2
{[%clk 1:13:17]} 18. Qxc7 {[%clk 0:43:14]} Ba6 {[%clk 1:12:54]} 19. c4
{[%clk 0:41:42]} Qxb2 {[%clk 1:12:44]} 20. Qd6 {[%clk 0:41:15]} Rac8
{[%clk 1:10:46]} 21. Rd2 {[%clk 0:38:49]} Qc3 {[%clk 1:10:03]} 22. Rd3
{[%clk 0:38:10]} Qa5 {[%clk 1:10:15]} 23. Rg3 {[%clk 0:37:25]} Ne4
{[%clk 1:10:09]} 24. Nb1 0-1

[Event "MSR_ch16"]
[Site "?"]
[Date "2024.04.07"]
[Round "3.16"]
[White "Valach, Alexander"]
[Black "Simunek, Matej"]
[Result "0-1"]
[BlackElo "1711"]
[WhiteElo "1000"]
[LiveChessVersion "1.4.8"]

1. e4 {[%clk 1:30:51]} e6 {[%clk 1:30:52]} 2. d4 {[%clk 1:31:15]} d5
{[%clk 1:31:15]} 3. Nc3 {[%clk 1:31:30]} Nf6 {[%clk 1:31:05]} 4. e5
{[%clk 1:31:48]} Nfd7 {[%clk 1:30:55]} 5. Nf3 {[%clk 1:32:02]} c5
{[%clk 1:31:16]} 6. Be3 {[%clk 1:32:10]} Nc6 {[%clk 1:31:30]} 7. Be2
{[%clk 1:32:04]} Qb6 {[%clk 1:31:41]} 8. Na4 {[%clk 1:31:31]} Qa5+
{[%clk 1:28:50]} 9. Nc3 {[%clk 1:31:43]} cxd4 {[%clk 1:28:24]} 10. Nxd4
{[%clk 1:31:07]} Ndxe5 {[%clk 1:27:43]} 11. Nxc6 {[%clk 1:31:26]} Nxc6
{[%clk 1:27:59]} 12. Bb5 {[%clk 1:31:29]} Bb4 {[%clk 1:28:03]} 13. Bxc6+
{[%clk 1:31:34]} bxc6 {[%clk 1:28:27]} 14. Bd4 {[%clk 1:31:50]} f6
{[%clk 1:28:20]} 15. a3 {[%clk 1:31:59]} Bd6 {[%clk 1:27:49]} 16. b4
{[%clk 1:31:58]} Qc7 {[%clk 1:27:35]} 17. O-O {[%clk 1:32:08]} Bxh2+
{[%clk 1:27:57]} 18. Kh1 {[%clk 1:32:21]} Bd6 {[%clk 1:27:27]} 19. Qg4
{[%clk 1:31:11]} Qf7 {[%clk 1:27:08]} 20. Qf3 {[%clk 1:30:04]} e5
{[%clk 1:26:19]} 21. Bc5 {[%clk 1:30:15]} e4 {[%clk 1:26:20]} 22. Qe2
{[%clk 1:30:20]} Be5 {[%clk 1:26:21]} 23. Nxd5 {[%clk 1:29:35]} cxd5
{[%clk 1:26:23]} 24. Rad1 {[%clk 1:29:42]} Ba6 {[%clk 1:26:07]} 25. b5
{[%clk 1:29:51]} Qg6 {[%clk 1:24:19]} 26. g3 {[%clk 1:29:44]} Bb7
{[%clk 1:23:11]} 27. b6 {[%clk 1:29:42]} axb6 {[%clk 1:23:14]} 28. Qb5+
{[%clk 1:30:01]} Kf7 {[%clk 1:09:53]} 29. Qd7+ {[%clk 1:30:13]} Kg8
{[%clk 1:10:15]} 30. Qxb7 {[%clk 1:30:21]} Re8 {[%clk 1:04:52]} 31. Qxd5+
{[%clk 1:30:16]} Qf7 {[%clk 1:05:13]} 32. Qd8 {[%clk 1:29:12]} bxc5
{[%clk 1:04:26]} 33. Qb6 {[%clk 1:27:29]} h5 {[%clk 1:02:30]} 34. Rd8
{[%clk 1:27:44]} Rxd8 {[%clk 1:01:08]} 35. Qxd8+ {[%clk 1:27:57]} Kh7
{[%clk 1:01:20]} 0-1

[Event "MSR_ch16"]
[Site "?"]
[Date "2024.04.07"]
[Round "3.17"]
[White "Sujan, Daniel"]
[Black "Malina, Marko"]
[Result "1-0"]
[BlackElo "1000"]
[WhiteElo "1702"]
[LiveChessVersion "1.4.8"]

1. e4 {[%clk 1:30:59]} e5 {[%clk 1:30:49]} 2. Nf3 {[%clk 1:31:19]} Nc6
{[%clk 1:31:13]} 3. Bb5 {[%clk 1:31:43]} a6 {[%clk 1:31:30]} 4. Ba4
{[%clk 1:32:06]} Nf6 {[%clk 1:31:48]} 5. O-O {[%clk 1:32:20]} Be7
{[%clk 1:31:55]} 6. Re1 {[%clk 1:32:32]} b5 {[%clk 1:32:04]} 7. Bb3
{[%clk 1:32:48]} O-O {[%clk 1:32:22]} 8. c3 {[%clk 1:32:58]} d5 {[%clk 1:30:20]}
9. exd5 {[%clk 1:33:07]} Nxd5 {[%clk 1:30:41]} 10. Nxe5 {[%clk 1:33:01]} Nxe5
{[%clk 1:31:01]} 11. Rxe5 {[%clk 1:33:26]} c6 {[%clk 1:30:58]} 12. Bxd5
{[%clk 1:32:15]} cxd5 {[%clk 1:31:09]} 13. d4 {[%clk 1:32:15]} Bd6
{[%clk 1:30:57]} 14. Re1 {[%clk 1:31:45]} Qh4 {[%clk 1:30:48]} 15. g3
{[%clk 1:31:14]} Qh3 {[%clk 1:30:49]} 16. Qf3 {[%clk 1:30:37]} Bg4
{[%clk 1:29:00]} 17. Qg2 {[%clk 1:28:39]} Rfe8 {[%clk 1:26:46]} 18. Rxe8+
{[%clk 1:25:56]} Rxe8 {[%clk 1:26:52]} 19. Qxh3 {[%clk 1:26:16]} Bxh3
{[%clk 1:27:09]} 20. Be3 {[%clk 1:26:18]} h5 {[%clk 1:21:39]} 21. Nd2
{[%clk 1:21:06]} h4 {[%clk 1:19:33]} 22. Re1 {[%clk 1:20:09]} f5 {[%clk 1:10:23]}
23. f4 {[%clk 1:19:31]} Re6 {[%clk 1:05:04]} 24. Nf3 {[%clk 1:13:42]} hxg3
{[%clk 1:03:30]} 25. hxg3 {[%clk 1:12:00]} Rg6 {[%clk 0:54:24]} 26. Ng5
{[%clk 1:11:21]} Bg4 {[%clk 0:52:20]} 27. Bd2 {[%clk 1:10:11]} Kf8
{[%clk 0:50:35]} 28. Re6 {[%clk 1:09:26]} Rxe6 {[%clk 0:49:51]} 29. Nxe6+
{[%clk 1:09:51]} Ke7 {[%clk 0:48:58]} 30. Nc5 {[%clk 1:09:47]} a5
{[%clk 0:48:30]} 31. Kf2 {[%clk 1:06:17]} Kf7 {[%clk 0:43:15]} 32. Nd3
{[%clk 1:05:07]} Kf6 {[%clk 0:41:43]} 33. Ne5 {[%clk 1:03:57]} a4
{[%clk 0:38:04]} 34. Nxg4+ {[%clk 1:01:55]} fxg4 {[%clk 0:38:23]} 35. b3
{[%clk 1:01:42]} axb3 {[%clk 0:38:12]} 36. axb3 {[%clk 1:02:02]} Kf5
{[%clk 0:37:49]} 37. Ke3 {[%clk 0:49:30]} g5 {[%clk 0:36:39]} 38. fxg5
{[%clk 0:49:01]} Kxg5 {[%clk 0:36:58]} 39. Kd3+ {[%clk 0:48:47]} Kf5
{[%clk 0:37:04]} 40. Be1 {[%clk 0:49:04]} Bc7 {[%clk 0:36:30]} 41. c4
{[%clk 0:47:55]} bxc4+ {[%clk 0:36:31]} 42. bxc4 {[%clk 0:48:20]} dxc4+
{[%clk 0:36:47]} 43. Kxc4 {[%clk 0:47:46]} Ke4 {[%clk 0:37:01]} 44. d5
{[%clk 0:47:24]} Kf3 {[%clk 0:37:03]} 45. Kc5 {[%clk 0:46:44]} Ke2
{[%clk 0:33:41]} 46. Kc6 {[%clk 0:46:21]} Bd8 {[%clk 0:33:25]} 47. Bc3
{[%clk 0:45:21]} Kf3 {[%clk 0:33:11]} 48. Be5 {[%clk 0:45:36]} Ke4
{[%clk 0:31:37]} 49. Bf4 {[%clk 0:45:43]} Kf5 {[%clk 0:31:13]} 50. Kd7
{[%clk 0:45:13]} Bf6 {[%clk 0:30:57]} 51. d6 {[%clk 0:45:11]} Bh4
{[%clk 0:30:27]} 52. Ke8 {[%clk 0:45:13]} 1-0

[Event "MSR_ch16"]
[Site "?"]
[Date "2024.04.07"]
[Round "3.18"]
[White "Liska, Leo"]
[Black "Barta, Dominik"]
[Result "1-0"]
[BlackElo "1577"]
[WhiteElo "1361"]
[LiveChessVersion "1.4.8"]

1. d4 {[%clk 1:30:56]} f5 {[%clk 1:30:59]} 2. g3 {[%clk 1:31:14]} Nf6
{[%clk 1:31:19]} 3. Bg2 {[%clk 1:31:37]} e6 {[%clk 1:31:33]} 4. Nf3
{[%clk 1:31:57]} d5 {[%clk 1:31:58]} 5. c4 {[%clk 1:32:10]} Bd6 {[%clk 1:31:23]}
6. O-O {[%clk 1:32:25]} c6 {[%clk 1:31:26]} 7. b3 {[%clk 1:32:37]} O-O
{[%clk 1:30:29]} 8. Ba3 {[%clk 1:33:02]} Ne4 {[%clk 1:28:13]} 9. Bxd6
{[%clk 1:33:12]} Qxd6 {[%clk 1:28:41]} 10. Qc2 {[%clk 1:33:24]} Nd7
{[%clk 1:28:54]} 11. Nc3 {[%clk 1:31:38]} a5 {[%clk 1:18:37]} 12. Rac1
{[%clk 1:26:54]} Ndf6 {[%clk 1:06:16]} 13. Rfd1 {[%clk 1:27:06]} Nxc3
{[%clk 1:05:39]} 14. Qxc3 {[%clk 1:27:28]} a4 {[%clk 1:05:58]} 15. Ne5
{[%clk 1:24:14]} Nd7 {[%clk 0:57:25]} 16. Nd3 {[%clk 1:22:38]} g5
{[%clk 0:53:31]} 17. e3 {[%clk 1:02:16]} Nf6 {[%clk 0:53:20]} 18. b4
{[%clk 0:58:39]} Bd7 {[%clk 0:51:39]} 19. cxd5 {[%clk 0:55:07]} exd5
{[%clk 0:46:54]} 20. Qc5 {[%clk 0:55:14]} Qxc5 {[%clk 0:43:23]} 21. bxc5
{[%clk 0:53:24]} Ne4 {[%clk 0:41:58]} 22. Bxe4 {[%clk 0:53:46]} dxe4
{[%clk 0:42:22]} 23. Ne5 {[%clk 0:53:57]} Be6 {[%clk 0:42:43]} 24. Nc4
{[%clk 0:50:34]} Rfd8 {[%clk 0:36:36]} 25. a3 {[%clk 0:49:17]} Kf7
{[%clk 0:35:57]} 26. Rd2 {[%clk 0:47:39]} Bxc4 {[%clk 0:31:28]} 27. Rxc4
{[%clk 0:47:26]} g4 {[%clk 0:31:20]} 28. Rb2 {[%clk 0:47:42]} Ra7
{[%clk 0:31:34]} 29. Rcb4 {[%clk 0:48:00]} Rb8 {[%clk 0:31:48]} 30. Rb6
{[%clk 0:48:17]} Kg6 {[%clk 0:20:08]} 31. Rxc6+ {[%clk 0:47:51]} bxc6
{[%clk 0:20:37]} 32. Rxb8 {[%clk 0:48:09]} h5 {[%clk 0:19:54]} 33. Rb6
{[%clk 0:48:25]} Kg5 {[%clk 0:20:16]} 34. Rxc6 {[%clk 0:48:22]} Rb7
{[%clk 0:20:25]} 35. Rb6 {[%clk 0:48:44]} 1-0

[Event "MSR_ch16"]
[Site "?"]
[Date "2024.04.07"]
[Round "3.19"]
[White "Cerven, Samuel"]
[Black "Bado, Samuel"]
[Result "1-0"]
[BlackElo "1556"]
[WhiteElo "1732"]
[LiveChessVersion "1.4.8"]

1. e4 {[%clk 1:30:51]} e5 {[%clk 1:30:52]} 2. Nf3 {[%clk 1:30:42]} Nc6
{[%clk 1:31:07]} 3. d4 {[%clk 1:29:11]} exd4 {[%clk 1:31:09]} 4. Bc4
{[%clk 1:29:21]} Nf6 {[%clk 1:31:29]} 5. e5 {[%clk 1:29:37]} d5 {[%clk 1:31:44]}
6. Bb5 {[%clk 1:29:02]} Ne4 {[%clk 1:31:28]} 7. Nxd4 {[%clk 1:28:30]} Bd7
{[%clk 1:31:35]} 8. Bxc6 {[%clk 1:28:47]} Bxc6 9. O-O {[%clk 1:23:35]} f6
{[%clk 1:27:13]} 10. exf6 {[%clk 1:19:51]} Qxf6 {[%clk 1:23:43]} 11. Nxc6
{[%clk 1:16:33]} Qxc6 {[%clk 1:18:14]} 12. Qh5+ {[%clk 1:15:25]} Kd8
{[%clk 1:17:34]} 13. Bg5+ {[%clk 1:15:44]} Nxg5 {[%clk 1:16:32]} 14. Qxg5+
{[%clk 1:14:59]} Kc8 {[%clk 1:15:12]} 15. Nc3 {[%clk 1:12:44]} h6
{[%clk 1:13:58]} 16. Qf5+ {[%clk 1:11:38]} Qd7 {[%clk 1:13:13]} 17. Qxd5
{[%clk 1:12:01]} Qxd5 {[%clk 1:11:31]} 18. Nxd5 {[%clk 1:12:03]} Bd6 19. Rfe1 b6
{[%clk 1:10:57]} 20. Ne7+ {[%clk 1:11:06]} Bxe7 {[%clk 1:10:39]} 21. Rxe7
{[%clk 1:11:31]} g5 {[%clk 1:10:52]} 22. Rd1 {[%clk 1:10:49]} Kb7
{[%clk 1:10:50]} 23. Rdd7 {[%clk 1:10:32]} Rac8 {[%clk 1:10:56]} 24. f3
{[%clk 1:10:25]} Rhd8 {[%clk 1:10:48]} 25. Kf2 {[%clk 1:09:21]} Rxd7
{[%clk 1:10:52]} 26. Rxd7 {[%clk 1:09:42]} Re8 {[%clk 1:11:03]} 27. c4
{[%clk 1:08:32]} Re6 {[%clk 1:10:49]} 28. g3 {[%clk 1:07:21]} Kc6
{[%clk 1:10:23]} 29. Rd2 {[%clk 1:05:01]} Rf6 {[%clk 1:07:48]} 30. b3
{[%clk 1:03:54]} g4 {[%clk 1:06:52]} 31. f4 {[%clk 1:04:03]} Rd6 {[%clk 1:06:06]}
32. Rxd6+ {[%clk 1:03:15]} Kxd6 {[%clk 1:06:24]} 33. Ke3 {[%clk 1:03:39]} Ke6
{[%clk 1:06:33]} 34. b4 {[%clk 0:58:01]} c5 {[%clk 1:05:19]} 35. bxc5
{[%clk 0:57:54]} bxc5 {[%clk 1:05:33]} 36. Ke4 {[%clk 0:58:00]} h5
{[%clk 1:04:20]} 37. f5+ {[%clk 0:56:37]} Kf6 {[%clk 1:04:23]} 38. Kf4
{[%clk 0:56:59]} a6 {[%clk 1:04:03]} 39. a3 {[%clk 0:57:23]} a5 {[%clk 1:04:21]}
40. a4 {[%clk 0:57:52]} Kg7 {[%clk 1:04:22]} 41. Kg5 {[%clk 0:58:13]} 1-0

[Event "MSR_ch16"]
[Site "?"]
[Date "2024.04.07"]
[Round "3.20"]
[White "Hanzel, Richard"]
[Black "Roman, Dominik"]
[Result "1-0"]
[BlackElo "1000"]
[WhiteElo "1555"]
[LiveChessVersion "1.4.8"]

1. d4 {[%clk 1:29:59]} e6 {[%clk 1:30:53]} 2. c4 {[%clk 1:30:22]} b6
{[%clk 1:30:26]} 3. Nf3 {[%clk 1:30:39]} Bb7 {[%clk 1:30:36]} 4. g3
{[%clk 1:31:00]} Nf6 {[%clk 1:27:06]} 5. Bg2 {[%clk 1:31:23]} Be7
{[%clk 1:26:42]} 6. O-O {[%clk 1:31:45]} d6 {[%clk 1:26:33]} 7. Nc3
{[%clk 1:29:54]} O-O {[%clk 1:26:17]} 8. b3 {[%clk 1:24:30]} Nbd7
{[%clk 1:23:30]} 9. Ba3 {[%clk 1:22:21]} c5 {[%clk 1:15:53]} 10. e3
{[%clk 1:21:14]} a6 {[%clk 1:08:50]} 11. Bb2 {[%clk 1:21:10]} Qc7
{[%clk 1:01:32]} 12. Qe2 {[%clk 1:17:49]} d5 {[%clk 0:57:09]} 13. cxd5
{[%clk 1:10:57]} Nxd5 {[%clk 0:54:15]} 14. Nxd5 {[%clk 1:10:11]} exd5
{[%clk 0:51:44]} 15. dxc5 {[%clk 1:09:27]} bxc5 {[%clk 0:50:35]} 16. Rac1
{[%clk 1:08:50]} Nf6 {[%clk 0:49:19]} 17. Rfd1 {[%clk 1:08:06]} Rfd8
{[%clk 0:42:00]} 18. Qc2 {[%clk 1:02:16]} Rac8 {[%clk 0:36:24]} 19. Bh3
{[%clk 1:00:20]} Rb8 {[%clk 0:35:44]} 20. Be5 {[%clk 0:48:48]} Bd6
{[%clk 0:35:08]} 21. Bxd6 {[%clk 0:45:44]} Rxd6 {[%clk 0:35:24]} 22. Qxc5
{[%clk 0:45:42]} Rc6 {[%clk 0:35:39]} 23. Qa3 {[%clk 0:46:07]} Rxc1
{[%clk 0:34:32]} 24. Rxc1 {[%clk 0:46:07]} Qb6 {[%clk 0:34:41]} 25. Qc5
{[%clk 0:44:32]} Qd8 {[%clk 0:34:39]} 26. Nd4 {[%clk 0:41:08]} Ne4
{[%clk 0:33:22]} 27. Qc7 {[%clk 0:40:46]} Qf8 {[%clk 0:32:19]} 28. Nc6
{[%clk 0:38:50]} Bxc6 {[%clk 0:32:16]} 29. Rxc6 {[%clk 0:38:55]} g6
{[%clk 0:31:10]} 30. Rxa6 {[%clk 0:39:00]} f5 {[%clk 0:31:24]} 31. Ra7
{[%clk 0:38:45]} Nf6 {[%clk 0:31:30]} 32. Bg2 {[%clk 0:38:50]} Rc8
{[%clk 0:31:15]} 33. Bxd5+ {[%clk 0:36:43]} Kh8 {[%clk 0:31:19]} 34. Qxc8
{[%clk 0:36:58]} Qxc8 {[%clk 0:31:18]} 35. Ra8 {[%clk 0:37:25]} Qxa8
{[%clk 0:31:29]} 36. Bxa8 {[%clk 0:37:47]} 1-0

[Event "MSR_ch16"]
[Site "?"]
[Date "2024.04.07"]
[Round "3.22"]
[White "Vateha, Tobias"]
[Black "Kluska, Lukas"]
[Result "1/2-1/2"]
[BlackElo "1619"]
[WhiteElo "1528"]
[LiveChessVersion "1.4.8"]

1. d4 {[%clk 1:30:59]} g6 {[%clk 1:30:12]} 2. e3 {[%clk 1:31:18]} Nf6
{[%clk 1:30:36]} 3. Bd3 {[%clk 1:31:34]} Bg7 {[%clk 1:30:53]} 4. f4
{[%clk 1:31:11]} O-O {[%clk 1:28:32]} 5. Nf3 {[%clk 1:31:15]} d6 {[%clk 1:26:51]}
6. O-O {[%clk 1:31:34]} Re8 {[%clk 1:24:09]} 7. c3 {[%clk 1:31:00]} Nbd7
{[%clk 1:21:47]} 8. Qe2 {[%clk 1:18:16]} e5 {[%clk 1:16:34]} 9. fxe5
{[%clk 1:15:24]} dxe5 {[%clk 1:16:21]} 10. Bc4 {[%clk 1:08:34]} Qe7
{[%clk 1:10:44]} 11. Ng5 {[%clk 0:59:49]} Rf8 {[%clk 1:08:07]} 12. a4
{[%clk 0:34:31]} h6 {[%clk 1:00:09]} 13. Nh3 {[%clk 0:33:51]} Nb6
{[%clk 0:54:47]} 14. Na3 {[%clk 0:30:44]} exd4 {[%clk 0:47:21]} 15. exd4
{[%clk 0:29:41]} Qxe2 {[%clk 0:46:44]} 16. Bxe2 {[%clk 0:30:09]} c6
{[%clk 0:46:00]} 17. a5 {[%clk 0:30:02]} Nbd5 {[%clk 0:45:07]} 18. Nf4
{[%clk 0:28:12]} Nxf4 {[%clk 0:44:05]} 19. Bxf4 {[%clk 0:28:38]} Nd5
{[%clk 0:42:14]} 20. Rae1 {[%clk 0:28:15]} Nxf4 {[%clk 0:42:00]} 21. Rxf4
{[%clk 0:28:38]} Re8 {[%clk 0:40:28]} 22. Rff1 {[%clk 0:27:07]} Bf5
{[%clk 0:40:26]} 23. Nc4 {[%clk 0:25:59]} Rad8 {[%clk 0:38:08]} 24. Bf3
{[%clk 0:23:47]} Bd3 {[%clk 0:35:57]} 25. Rxe8+ {[%clk 0:19:54]} Rxe8
{[%clk 0:36:13]} 26. Nd6 {[%clk 0:20:13]} Re6 {[%clk 0:33:20]} 27. Rd1
{[%clk 0:20:11]} Rxd6 {[%clk 0:31:27]} 28. Rxd3 {[%clk 0:20:35]} c5
{[%clk 0:30:53]} 29. Bxb7 {[%clk 0:18:08]} cxd4 {[%clk 0:31:12]} 30. c4
{[%clk 0:15:15]} Rd7 {[%clk 0:29:27]} 31. a6 {[%clk 0:15:10]} Rc7
{[%clk 0:28:26]} 32. b3 {[%clk 0:15:18]} Kf8 {[%clk 0:28:12]} 33. Kf1
{[%clk 0:15:46]} Ke8 {[%clk 0:28:14]} 34. Ke2 {[%clk 0:16:13]} f5
{[%clk 0:27:03]} 35. Rf3 {[%clk 0:15:49]} Be5 {[%clk 0:25:16]} 36. h3
{[%clk 0:16:00]} Kd7 {[%clk 0:25:03]} 37. Kd3 {[%clk 0:16:17]} Kd6
{[%clk 0:23:42]} 38. b4 {[%clk 0:16:12]} Re7 {[%clk 0:23:53]} 39. Rf1
{[%clk 0:15:51]} Kc7 {[%clk 0:23:47]} 40. Rb1 {[%clk 0:15:48]} Kb6
{[%clk 0:22:06]} 41. Ra1 {[%clk 0:13:39]} Re6 {[%clk 0:21:03]} 42. Ra5
{[%clk 0:10:37]} Bf6 {[%clk 0:20:01]} 43. c5+ {[%clk 0:09:57]} Kc7
{[%clk 0:20:21]} 44. Bf3 {[%clk 0:27:25]} Re8 {[%clk 0:45:40]} 45. Ra2
{[%clk 0:18:05]} Re3+ {[%clk 0:36:03]} 46. Kd2 {[%clk 0:15:20]} Bg5
{[%clk 0:35:15]} 47. Kd1 {[%clk 0:13:14]} Rd3+ {[%clk 0:34:24]} 48. Kc2
{[%clk 0:13:27]} Rc3+ {[%clk 0:34:14]} 49. Kb2 {[%clk 0:13:35]} Bc1+
{[%clk 0:33:46]} 50. Kb1 {[%clk 0:13:48]} Ba3 {[%clk 0:31:56]} 51. Re2
{[%clk 0:12:42]} Re3 1/2-1/2